000 00506nam a2200181Ia 4500
008 240925s9999 xx 000 0 und d
020 _a9780199402076
082 _a370 SID
100 _aSiddiqui, Shahid
245 0 _aEducation Policies in Pakistan: politics, projections, and practices
250 _aNA
260 _aKarachi:
_bOxford University Press
_c,2016.
300 _a142p.
_b0
_fOriginal
500 _aIncludes Index
600 _aSocial Sciences
650 _aSocial Sciences
942 _cBK
999 _c16894
_d16894